Study about issue of vegetable prodution in kandal province (​ការសិក្សាអំពីបញ្ហាលើផលិតកម្មដំណាំបន្លែក្នុងខេត្តកណ្ដាល) (Record no. 1506)

000 -LEADER
fixed length control field 00590nam a22001577a 4500
003 - CONTROL NUMBER IDENTIFIER
control field OSt
005 - DATE AND TIME OF LATEST TRANSACTION
control field 20150930103939.0
008 - FIXED-LENGTH DATA ELEMENTS--GENERAL INFORMATION
fixed length control field 150930b xxu||||| |||| 00| 0 eng d
040 ## - CATALOGING SOURCE
Transcribing agency RUA
082 ## - DEWEY DECIMAL CLASSIFICATION NUMBER
Classification number AGR PHE 2011 B047 Or.1
100 ## - MAIN ENTRY--PERSONAL NAME
9 (RLIN) 1595
Personal name PHEANG, SARI.
245 ## - TITLE STATEMENT
Title Study about issue of vegetable prodution in kandal province (​ការសិក្សាអំពីបញ្ហាលើផលិតកម្មដំណាំបន្លែក្នុងខេត្តកណ្ដាល)
260 ## - PUBLICATION, DISTRIBUTION, ETC. (IMPRINT)
Place of publication, distribution, etc. Phnom Penh
Name of publisher, distributor, etc. RUA
Date of publication, distribution, etc. 2011
300 ## - PHYSICAL DESCRIPTION
Extent x, 41p.
Other physical details ill.
Dimensions 29cm.
942 ## - ADDED ENTRY ELEMENTS (KOHA)
Source of classification or shelving scheme
Koha item type AGR
Holdings
Price effective from Date last seen Permanent Location Not for loan Date acquired Source of classification or shelving scheme Koha item type Lost status Withdrawn status Date last checked out Total Checkouts Shelving location Damaged status Barcode Current Location Full call number
2015-09-302023-12-29Library Block B 2015-09-30 AGR  2023-11-241B047 RUA000248Library Block BAGR PHE 2011 B047 Or.1
2015-09-302015-09-30Library Block B 2015-09-30 AGR    B047 RUA000547Library Block BAGR PHE 2011 B047 Or.2
2015-09-302019-07-24Library Block B 2015-09-30 AGR  2019-07-192B047 RUA000854Library Block BAGR PHE 2011 B047 Or.3
មជ្ឈមណ្ឌលឯការនៃសាកលវិទ្យាល័យភូមិន្ទកសិកម្មចំការដូង

Powered by Koha